000 nam a22 7a 4500
999 _c30558
_d30558
008 190730b xxu||||| |||| 00| 0 eng d
020 _a9789966408303
245 _aGood News Bible, with deuterocanonical books/
260 _aNew York :
_bAmerican bible Society,
_c1994
300 _axiii, 376p. :
_bill, maps ;
_c21 cm.
650 _aBible.
942 _2lcc
_cREF_BOOK